| 000 | 00726nab#a2200229#c#4500 | ||
|---|---|---|---|
| 999 |
_c53653 _d53653 |
||
| 003 | IEF | ||
| 005 | 20191203184450.0 | ||
| 008 | 950704s1976 uuu|| #####0 b| |u | ||
| 040 |
_aIEF _cES-MaIEF |
||
| 100 | 1 |
_aDamas Rico, Pedro Manuel _912010 |
|
| 245 |
_aFlores de Lemus y la política ferroviaria _bel proyecto de "Ordenación ferroviaria" Maura - Flores de Lemus _c Pedro Manuel Damas Rico |
||
| 260 | _c1976 | ||
| 500 | _aBibliografía,Anexos | ||
| 650 | 4 |
_aHISTORIA ECONOMICA _945401 |
|
| 650 | 4 |
_aESPAÑA _941092 |
|
| 650 | 4 |
_aFERROCARRILES _944166 |
|
| 650 | 4 |
_aPOLITICA DE TRANSPORTES _948054 |
|
| 773 | 0 |
_tHacienda pública española _w34570 _g42-43, p. 315-368 |
|
| 942 | _2udc | ||
| 942 | _2udc | ||